Obras morales y de costumbres (Record no. 6510)

MARC details
000 -LEADER
campo de control de longitud fija 02051nam a2200313 i 4500
001 - NÚMERO DE CONTROL
campo de control 6510
003 - IDENTIFICADOR DE NÚMERO DE CONTROL
campo de control ES-MaACL
005 - FECHA Y HORA DE LA ÚLTIMA TRANSACCIÓN
campo de control 20250905155020.0
007 - CAMPO FIJO DE DESCRIPCIÓN FÍSICA--INFORMACIÓN GENERAL
campo de control de longitud fija t|
008 - DATOS DE LONGITUD FIJA--INFORMACIÓN GENERAL
campo de control de longitud fija 891205m19841987sp |||| | spa d
020 ## - NÚMERO INTERNACIONAL ESTÁNDAR DEL LIBRO
Número Internacional Estándar del Libro 84-249-0973-9
080 ## - NÚMERO DE LA CLASIFICACIÓN DECIMAL UNIVERSAL
Número de la Clasificación Decimal Universal 875-82"00"
100 0# - ENTRADA PRINCIPAL--NOMBRE DE PERSONA
Nombre de persona Plutarco
9 (RLIN) 92678
245 10 - MENCIÓN DEL TÍTULO
Título Obras morales y de costumbres
Resto del título = (Moralia) /
Mención de responsabilidad, etc. Plutarco.
246 31 - FORMA VARIANTE DEL TITULO
Título propio/Titulo breve Moralia
260 ## - PUBLICACIÓN, DISTRIBUCIÓN, ETC.
Lugar de publicación, distribución, etc. Madrid :
Nombre del editor, distribuidor, etc. Gredos,
Fecha de publicación, distribución, etc. 1984-87.
300 ## - DESCRIPCIÓN FÍSICA
Extensión 4 v. ;
Dimensiones 20 cm.
490 1# - MENCIÓN DE SERIE
Mención de serie Biblioteca clásica Gredos ;
Designación de volumen o secuencia 78 ; 98 ; 103 ; 109
505 8# - NOTA DE CONTENIDO CON FORMATO
Nota de contenido con formato Contiene t. I. Sobre la educacion de los hijos ; Como debe el joven escuchar la poesia ; Sobre como se debe escuchar ; Como distinguir a un adulador de un amigo ; Como percibir los propios progresos en la virtud ; Como sacar provecho de los enemigos ; Sobre la abundancia de amigos / introducciones, traducciones y notas por Concepcion Morales Otal y Jose Garcia Lopez -- t. II. Sobre la fortuna ; Sobre la virtud y el vicio ; Escrito de consolacion a Apolonio ; Consejos para conservar la salud ; Deberes del matrimonio ; Banquete de los Siete Sabios ; Sobre la supersticion / introducciones, traducciones y notas por Concepcion Morales Otal y Jose Garcia Lopez -- t. III. Maximas de reyes y generales ; Maximas de romanos ; Maximas de espartanos ; Antiguas costumbres de los espartanos ; Maximas de mujeres espartanas ; Virtudes de mujeres / introducciones y notas por Mercedes Lopez Salva y Maria Antonia Medel ; traducciones por Mercedes Lopez Salva -- t. IV. Charlas de sobremesa / introduccion, traduccion y notas por Francisco Martin Garcia
650 #4 - PUNTO DE ACCESO ADICIONAL DE MATERIA--TÉRMINO DE MATERIA
Término de materia o nombre geográfico como elemento de entrada Moral práctica-
Subdivisión de forma Obras anteriores a 1800.
9 (RLIN) 167917
700 1# - ENTRADA AGREGADA--NOMBRE PERSONAL
Nombre de persona Morales Otal, Concepción.
9 (RLIN) 83064
700 1# - ENTRADA AGREGADA--NOMBRE PERSONAL
Nombre de persona García López, José,
Fechas asociadas al nombre 1936-
9 (RLIN) 54844
700 1# - ENTRADA AGREGADA--NOMBRE PERSONAL
Nombre de persona López Salva, Mercedes.
9 (RLIN) 73952
700 1# - ENTRADA AGREGADA--NOMBRE PERSONAL
Nombre de persona Medel, Maria Antonia.
9 (RLIN) 79665
700 1# - ENTRADA AGREGADA--NOMBRE PERSONAL
Nombre de persona Martín García, Francisco.
9 (RLIN) 77503
830 0# - PUNTO DE ACCESO ADICIONAL DE SERIE-TÍTULO UNIFORME
Título uniforme Biblioteca clásica Gredos ;
Designación de volumen o secuencia 78 ; 98 ; 103 ; 109
9 (RLIN) 177556
852 ## - LOCALIZACIÓN
Ubicación ES-MaACL
Número de control de estantería L-13670-73
Holdings
Estatus retirado Estado de pérdida Estado de daño No para préstamo Biblioteca de origen Biblioteca actual Ubicación en estantería Fecha de adquisición Fuente de adquisición Total de préstamos Signatura topográfica completa Código de barras Visto por última vez Precio de reemplazo Tipo de ítem Koha
        Biblioteca del Ateneo de Madrid Biblioteca del Ateneo de Madrid Depósito 2 17/01/2008     L-13670-73 1006630 23/02/2023 23/02/2023 Libro impreso